Footballers by pictures #9 - Statistics

General Stats
  • This quiz has been taken 37 times
  • The average score is 12 of 20
Answer Stats
Picture Answer % Correct
Wesley Fofana
91%
Ademola Lookman
88%
Moise Kean
88%
Harry Winks
75%
Lucas Bergvall
75%
Sébastien Haller
72%
Davinson Sánchez
69%
Emil Forsberg
69%
Aaron Wan-Bissaka
66%
Nico Paz
66%
Tanguy Ndombele
66%
Francisco Trincão
63%
Josip Stanišić
63%
Neal Maupay
53%
Castello Lukeba
47%
Boubacar Kamara
41%
Jan Paul van Hecke
38%
M'Baye Niang
25%
Josip Brekalo
22%
Alan Varela
19%
No matching quizzes found
Score Distribution
Percent of People with Each Score
Percentile by Number Answered
Your Score History
You have not taken this quiz